| 000 | 00707nam a2200217Ia 4500 | ||
|---|---|---|---|
| 999 |
_c20685 _d20685 |
||
| 003 | OSt | ||
| 005 | 20211027164438.0 | ||
| 008 | 160316s2002 xxu||||| |||| 00| 0 eng d | ||
| 020 | _a9780421783003 | ||
| 040 | _cn | ||
| 082 |
_a341.481000 _bASH |
||
| 100 | _aAshworth Andrew | ||
| 245 | _aHuman rights, serious crime and criminal procedure | ||
| 260 |
_aLondon _bSweet & Maxwell _c2002 |
||
| 300 |
_a145p _cxv |
||
| 365 | _bRs1,400 | ||
| 505 | _aContents: Why bother with rights when public safety is at risk; Evaluating the Strasbourg and British approaches; Taking a "balanced view" of the public interest. | ||
| 650 | _a1. Human Rights - Criminal Procedure | ||
| 700 |
_a _a |
||
| 942 |
_2ddc _cBK |
||